| 000 | 00815cam a22002533a 4500 | ||
|---|---|---|---|
| 001 | 17351 | ||
| 003 | PGUSA | ||
| 005 | 20140828083354.0 | ||
| 008 | 051219s2005||||xxu|||||s|||||000 1 eng d | ||
| 040 |
_aPGUSA _beng |
||
| 042 | _adc | ||
| 050 | 4 | _aPS | |
| 100 | 1 |
_aCheney, H. V. _q(Harriet Vaughan), _d1796-1889 |
|
| 245 | 1 | 4 |
_aThe Rivals of Acadia : _bAn Old Story of the New World _h[electronic resource] / _cH. V. Cheney |
| 260 |
_bProject Gutenberg, _c2005 |
||
| 506 | _aPublic domain in the USA. | ||
| 516 | _aElectronic text | ||
| 653 | _aAcadia -- Fiction | ||
| 653 | _aLa Tour, Charles de Saint-Etienne de, 1593-1666 -- Fiction | ||
| 653 | _aAulnay, Charles de Menou d', 1604?-1650 -- Fiction | ||
| 830 | 0 |
_aProject Gutenberg _v17351 |
|
| 856 | 4 | 0 | _uhttp://www.gutenberg.org/ebooks/17351 |
| 942 | _cEB | ||
| 999 |
_c246606 _d246606 |
||